000 00344nam a2200157Ia 4500
100 _aPal/Madhumangal
650 _aMechanics
942 _cBK
366 _f20
245 _aCourse on Classical mechanics
260 _bNarosa publishing house
_c2009
082 _a620.1
_bPAL
300 _a267
546 _aENGLISH
_cInfo.Tech
999 _c31188
_d31188